header

The innovation killer (Record no. 118737)

MARC details
000 -LEADER
fixed length control field 01474nam a2200361 a 4500
082 04 - DEWEY DECIMAL CLASSIFICATION NUMBER
Classification number 658.4/063
100 1# - MAIN ENTRY--AUTHOR NAME
Personal name Rabe, Cynthia Barton.
245 14 - TITLE STATEMENT
Title The innovation killer
260 ## - PUBLICATION, DISTRIBUTION, ETC. (IMPRINT)
Place of publication New York :
Name of publisher Amacom,
Year of publication c2006.
300 ## - PHYSICAL DESCRIPTION
Number of Pages xx, 219 p. :
Other physical details ill.
500 ## - GENERAL NOTE
General note Includes index.
505 0# - FORMATTED CONTENTS NOTE
Formatted contents note Our own worst enemy -- Groupthink -- Expertthink -- Time travel to see the naked emperor -- Just curious -- Relatively speaking.
650 #0 - SUBJECT ADDED ENTRY--TOPICAL TERM
Topical Term Creative ability in business.
Topical Term Creative thinking.
Topical Term Problem solving.
Topical Term Organizational effectiveness.
856 40 - ELECTRONIC LOCATION AND ACCESS
Uniform Resource Identifier http://site.ebrary.com/lib/rucke/Doc?id=10481006

No items available.

© 2026 Rongo University
Contact us: librarian | system librarian | Rongo university